| 000 | 00328nam a22001337a 4500 | ||
|---|---|---|---|
| 003 | SGT | ||
| 020 | _a0-500-28096-7 | ||
| 082 |
_a746.9 _bBRA |
||
| 100 | _aBRADDOCK, SARAH E. | ||
| 245 | _aTECHNO TEXTILES: REVOLUTIONARY FABRICS FOR FASHION & DESIGN | ||
| 260 |
_aUSA _bTHAMES & HUDSON _c2001 |
||
| 300 | _a192 | ||
| 942 |
_2ddc _cBK |
||
| 999 |
_c24722 _d24722 |
||